000 00843nam a22001577a 4500
999 _c63591
_d63591
003 Ge_BSU
005 20251110155401.0
008 251110s1982 ge ||||| |||| 00| 0 geo d
041 _ageo
080 _a331.103 შ-87
245 _aშრომის მეცნიერული ორგანიზაციის საკითხები :
_b[სტატიების კრებული] /
_cთბილისის შრომის წითელი დროშის ორდენოსანი სახელმწიფო უნივერსიტეტი.
264 _aთბ. :
_bთბილ. უნ-ტის გამ-ბა,
_c1982.
300 _a133 გვ. ;
_b21 სმ.
653 _aშრომის მეცნიერული ორგანიზაცია
942 _2udc
_cᲬᲘᲒᲜᲘ